000
00339nam a2200145Ia 4500
008
191201s2019 xx 000 0 und d
082
_a
615.32 KUT
100
_a
KUMAR, N
245
0
_a
Text book of Pharmacognosy
250
_a
3rd
260
_b
AITBS Pub.
_a
New Delhi
_c
2019
300
_a
407
650
_a
Pharmacognosy
942
_2
ddc
_c
BK
999
_c
8195
_d
8195